000 00324nam a2200097Ia 4500
008 220204s9999 xx 000 0 und d
082 _a339.18(494)
_bECO;1
245 0 _aEconomic and commercial reports: Switzerland, Economic and commercial conditions, 1968
260 _aNew Delhi
_bMinistry of Foreign Trade
_c1968
942 _cBK
999 _c22176
_d22176